Systematic Approach to Income Tax Service Taz & Vat (Record no. 3405)

MARC details
000 -LEADER
fixed length control field 00444nam a22001697a 4500
005 - DATE AND TIME OF LATEST TRANSACTION
control field 20180317152818.0
008 - FIXED-LENGTH DATA ELEMENTS--GENERAL INFORMATION
fixed length control field 160621b xxu||||| |||| 00| 0 eng d
020 ## - INTERNATIONAL STANDARD BOOK NUMBER
ISBN 978-81-7733-500-2
041 ## - LANGUAGE CODE
Language code of text/sound track or separate title eng
082 ## - DEWEY DECIMAL CLASSIFICATION NUMBER
Item number 8768
Classification number 336.24
100 ## - MAIN ENTRY--AUTHOR NAME
Personal name Ahuja Dr. Girish and Gupta Dr. Ravi
245 ## - TITLE STATEMENT
Title Systematic Approach to Income Tax Service Taz & Vat
260 ## - PUBLICATION, DISTRIBUTION, ETC. (IMPRINT)
Name of publisher Blart
Year of publication 2009
300 ## - PHYSICAL DESCRIPTION
Number of Pages 760
650 ## - SUBJECT ADDED ENTRY--TOPICAL TERM
Topical Term Management
942 ## - ADDED ENTRY ELEMENTS (KOHA)
Koha item type Books
Holdings
Lost status Damaged status Collection code Home library Shelving location Date acquired Cost, normal purchase price Full call number Accession Number Koha item type Current library
    LAW JRU Library SHELF-32-E 21/06/2016 495.00 336.24 8768 Books  
      JRU Library SHELF-75-N 21/06/2016 495.00 336.24 8769 Books JRU Library